Pays les moins censurés - Top 30 - Statistiques

Statistiques générales
  • Ce quiz a été pris 51 fois
  • Le résultat moyen est 24 sur 30
Statistiques - réponses
Classement Indices Pays % Correct
25. 76,62 - Europe France
100%
23. 77,35 - Europe Espagne
98%
7. 86,92 - Europe Irlande
98%
8. 84,26 - Europe Portugal
98%
20. 78,89 - Europe Royaume-Uni
98%
4. 88,13 - Europe Suède
98%
9. 83,98 - Europe Suisse
98%
18. 80,12 - Europe Belgique
96%
21. 78,75 - Amérique du Nord Canada
96%
17. 81,36 - Europe Islande
96%
1. 92,31 - Europe Norvège
96%
11. 83,85 - Europe Allemagne
94%
29. 75,15 - Océanie Australie
94%
6. 86,93 - Europe Danemark
91%
5. 87,18 - Europe Finlande
91%
13. 83,04 - Europe Luxembourg
91%
22. 78,12 - Europe Autriche
87%
16. 81,37 - Océanie Nouvelle-Zélande
87%
3. 88,64 - Europe Pays-Bas
87%
2. 89,46 - Europe Estonie
85%
27. 75,71 - Afrique Afrique du Sud
83%
15. 81,82 - Europe Lettonie
83%
14. 82,27 - Europe Lituanie
83%
10. 83,96 - Europe République Tchèque
83%
12. 83,42 - Europe Liechtenstein
72%
26. 75,83 - Amérique du Nord Jamaïque
43%
30. 74,98 - Afrique Cap-Vert
38%
24. 77,04 - Asie Taïwan
36%
28. 75,35 - Afrique Namibie
28%
19. 79,71 - Amérique du Sud Trinité-et-Tobago
15%
Aucun quiz correspondant
Distribution des résultats
% des personnes avec chaque résultat
Percentile par nombre de réponses
Votre historique - résultats
Vous n’avez pas pris ce quiz